Normal view
MARC view
Entry Personal Name
001 - CONTROL NUMBER
- control field: 79623
003 - CONTROL NUMBER IDENTIFIER
- control field: dpl
005 - DATE AND TIME OF LATEST TRANSACTION
- control field: 20250315123103.0
008 - FIXED-LENGTH DATA ELEMENTS
- fixed length control field: 250315|| aca||aabn | a|a d
040 ## - CATALOGING SOURCE
- Original cataloging agency: dpl
- Transcribing agency: dpl
100 ## - HEADING--PERSONAL NAME
- Personal name: शरण, लोकेश कुमार
670 ## - SOURCE DATA FOUND
- Source citation: Work cat.: (dpl)210186: शरण, लोकेश कुमार, गणतंत्र का ऋण;, 2023(पुनमुद्रण)
